OSOBNOSŤ VYSOKOŠKOLSKÉHO UČITEĽA A JEJ MOTIVAČNÝ VPLYV

Bibliographic Details
Main Author: Bátorová, Zdeňka, 1941- (Author)
Format: Article
Language:Slovak
ISBN:8085697505

MARC

LEADER 00000naa a2200000uu 4500
001 vtls011092529
003 SK-MaSNL
005 20260302143517.0
008 210824|1996 xo |||||||||||||||||slo|
015 |a SNBRA 
035 |a (urnnbn)urn:nbn:sk:snk:ar-a0crmg 
035 |a (uuid)b0bcabbc-9e36-4daf-a607-261b2d131b38 
035 |a urn:nbn:sk:snk-aavxbb 
040 |a SNKBUCL  |b slo  |c SNKBUCL  |e AACR2 
041 0 |a slo 
044 |a xo  |c SK 
100 1 |a Bátorová, Zdeňka,  |d 1941-  |4 aut  |9 12041 
245 1 0 |a OSOBNOSŤ VYSOKOŠKOLSKÉHO UČITEĽA A JEJ MOTIVAČNÝ VPLYV  |c ZDENKA BÁTOROVÁ 
773 0 |t Retrospektíva, realita a perspektíva psychológie na Slovensku : zborník príspevkov ... Bratislava, 30.5.-1.6.1996  |d Bratislava : Stimul, 1996  |g S. 231-233  |z 8085697505 
958 |a OND 
958 |a article12 
958 |a chapter 
999 |c 1344913  |d 1346843